Statistics for Teen wolf supernatural creatuers

Click here to take the quiz!

General Stats

  • This quiz has been taken 2,307 times
  • The average score is 10 of 12

Answer Stats

Hint Answer % Correct
true alphascott
100%
bansheelydia
99%
kanimajackson
98%
used to be alpha now a betaderek
95%
kitsunekira
94%
nogitsunestiles
91%
omega #1ethan
77%
omega #2aiden
77%
alpha of alphasdeucalion
74%
darachjennifer
70%
druiddeaton
66%
betaisaac
57%

Score Distribution

Percentile by Number Answered

Percent of People with Each Score

Your Score History

You have not taken this quiz